000 00280nam a22001217a 4500
008 170301b xxu||||| |||| 00| 0 eng d
041 _aeng
080 _a61
100 _a4
101 _aSHM
245 _aGUIDES TO CLINICAL BIOPSY ASPIRATION/ THYROID
_cKINI, S.R
942 _2udc
_cBK
999 _c6458
_d6458